000 00626nam a2200229 a 4500
001 BRL_702
005 20190320210847.0
008 270913s1967----gw-c######---#000-0#ger-#
041 _ager
044 _agw
050 4 _aPT2051
_b.S67 1967
100 1 _aSpranger, Eduard
_924684
245 1 0 _aGoethe
_bSeine geistige Welt
_cEduard Spranger.
260 _aTübingen
_bWunderlich
_c1967
300 _a478 p.
_c20 cm.
440 0 _aDie Bücher der Neunzehn
_v150
_924685
500 _aAu770
600 1 4 _aGoethe, Johann Wolfgang von
_d1749-1832
_917311
650 1 4 _aLiteratura Alemana
_96160
902 _aGRL
942 _2lcc
_cB
999 _c9514
_d9514